000 00487nam a2200169 i 4500
001 59005
003 ES-MaACL
005 20230906163936.0
007 t|
008 031027s1965 sp ||||1| spa d
100 1 _aEchaide, Rafael.
_946489
245 1 3 _aEl origen de la forma en arquitectura /
_cRafael Echaide.
260 _aMadrid :
_bRialp,
_c[1965]
300 _a190 p., 7 lám. :
_bil. ;
_c18 cm.
852 _aES-MaACL
_jC-28895
_bR.58386
852 _aES-MaACL
_jG-15771
_bR.60062
999 _c59005
_d59005